معارفُ الحدیث (Record no. 550373)

000 -LEADER
fixed length control field 00456nam a22001457a 4500
082 ## - DEWEY DECIMAL CLASSIFICATION NUMBER
Classification number 297.124
Author Mark MAR
-- L-31, P-6
100 ## - MAIN ENTRY--PERSONAL NAME
Personal name Maulana Mohammad Manzoor Nomani
9 (RLIN) 47075
245 ## - TITLE STATEMENT
Title معارفُ الحدیث
Statement of responsibility, etc. Maulana Mohammad ManzoorNomani
260 ## - PUBLICATION, DISTRIBUTION, ETC.
Place of publication, distribution, etc. Lahore.
Name of publisher, distributor, etc. Umar farooq academy.
300 ## - PHYSICAL DESCRIPTION
Extent 248 p.
Other physical details ill.
Dimensions 24 cm.
526 ## - STUDY PROGRAM INFORMATION NOTE
Program name 0
Interest level 0
Reading level 0
Title point value 297_124000000000000_MAR
526 ## - STUDY PROGRAM INFORMATION NOTE
Program name 0
Interest level 0
Reading level 0
Title point value 297_124000000000000_MAR
650 ## - SUBJECT ADDED ENTRY--TOPICAL TERM
Topical term or geographic name entry element MCE
9 (RLIN) 379
942 ## - ADDED ENTRY ELEMENTS (KOHA)
Source of classification or shelving scheme
Koha item type Book
Holdings
Withdrawn status Lost status Source of classification or shelving scheme Damaged status Not for loan Permanent Location Current Location Date acquired Total Checkouts Full call number Barcode Date last seen Price effective from Koha item type Public note
          Military College of Engineering (MCE) Military College of Engineering (MCE) 11/06/2014   297.124 MAR MCE-9787 11/06/2014 11/06/2014 Book جلد ہفتم
          Military College of Engineering (MCE) Military College of Engineering (MCE) 11/06/2014   297.124 MAR MCE-9784 11/06/2014 11/06/2014 Book جلد اوّل
© 2023 Central Library, National University of Sciences and Technology. All Rights Reserved.